| 000 | 00636nam a2200241Ia 4500 | ||
|---|---|---|---|
| 003 | OSt | ||
| 005 | 20240923125755.0 | ||
| 008 | 210329s9999||||xx |||||||||||||| ||und|| | ||
| 020 | _a978817130604 | ||
| 040 | _cSTCPL | ||
| 041 | _aMAL | ||
| 041 | _hMAL | ||
| 082 |
_aM3 _bRAM-S |
||
| 100 |
_aRamanunni, K.P. _qകെ.പി.രാമനുണ്ണി |
||
| 245 | 0 |
_aSufhie paranja katha / _cby K.P.Ramanunni _hസൂഫി പറഞ്ഞ കഥ |
|
| 260 |
_aKottayam : _bDC Books , _c1995 . |
||
| 300 |
_a124 p. _bPB |
||
| 650 | _aMalayalam literature | ||
| 650 | _aFiction | ||
| 650 | _aNovel | ||
| 942 | _cBK | ||
| 942 | _2ddc | ||
| 999 |
_c51435 _d51435 |
||